000 00292nam a22001337a 4500
020 _a81-207-2938-2
082 _a920
_bBED/A
100 _aBEDI, KIRAN
245 _aAS I SEE
260 _aDELHI
_bSTERLING PUBLISHERS
300 _a373
650 _aPERSONALITY DEVELOPMENT
_zDELHI
942 _cBK
999 _c5013
_d5013